Acute monensin toxicosis in broiler chickens /

Bibliographic Details
Main Author: Hanrahan, Lynn Allen
Format: Thesis eBook
Language:English
Published: [College Station, Tex.] : Hanrahan, 1979.
Subjects:
Online Access:Link to OAKTrust copy

MARC

Tag First Indicator Second Indicator Subfields
LEADER 00000cam a2200000 i 4500
001 in00000051810
005 20220103134322.0
007 cr unu a
008 800611s1979 txua b 00010 eng d
035 |9 AAF0804AM 
035 |a (OCoLC)06406839 
040 |a TXA  |c TXA  |d UtOrBLW 
049 |a TXAZ [Also in] [Archives]  |c 1 [1243457], 2 [1243458] 
099 |a 1979  |a Thesis  |a H248 
100 1 |a Hanrahan, Lynn Allen. 
245 1 0 |a Acute monensin toxicosis in broiler chickens /  |c by Lynn Allen Hanrahan. 
264 1 |a [College Station, Tex.] :  |b Hanrahan,  |c 1979. 
300 |a x, 54 leaves :  |b illustrations ;  |c 28 cm. 
336 |a text  |b txt  |2 rdacontent 
337 |a computer  |b c  |2 rdamedia 
338 |a online resource  |b cr  |2 rdacarrier 
500 |a "Major subject: Veterinary Pathology." 
500 |a Vita. 
502 |b M.S.  |c Texas A&M University. 
504 |a Bibliography: leaves 48-51. 
530 |a Also available online. 
650 0 |a Broilers (Chickens)  |x Diseases. 
650 0 |a Monensin  |x Toxicology. 
650 4 |a Major veterinary pathology. 
856 4 1 |u https://hdl.handle.net/1969.1/ETD-TAMU-1979-THESIS-H248  |z Link to OAKTrust copy  |t 0 
999 |a MARS 
999 f f |s c76dc018-706b-3db8-abd0-1b762d9f46b7  |i 79721662-60d5-37d2-a33b-aa77bd0030b6  |t 0 
952 f f |p noncirc  |a Texas A&M University  |b J.J. Pickle Campus  |c High Density Repository  |s HDR  |d Remote Storage  |t 0  |e 1979 Thesis H248  |h Other scheme  |i computer -- online resource  |m A14840993729 
952 f f |a Texas A&M University  |b College Station  |c Electronic Resources  |s www_evans  |d Available Online  |t 0  |e 1979 Thesis H248  |h Other scheme 
998 f f |a 1979 Thesis H248  |t 0  |l Remote Storage 
998 f f |a 1979 Thesis H248  |t 0  |l Available Online